LEADER 01438nam a2200325 a 4500 001 000000131396 003 CaOOAMICUS 005 20121119115604.0 008 121119s2012 it 000 u ita r 020 $a978-88-399-0859-9 040 $aPUL$bita 041 1 $aita$hger 100 1 $aKreiner, Armin.$0(OLS)http://pul/name/41698 240 10$aJesus, UFOs, Aliens.$lItaliano.$0(OLS)http://pul/title/165979 245 10$aGesł, gli ufo e gli alieni :$bl'intelligenza extraterrestre come sfida alla fede cristiana /$cArmin Kreiner ; a cura di Andrea Aguti. 260 $aBrescia :$bQueriniana,$c©2012. 300 $a272 p. ;$c20 cm 490 1 $aGiornale di teologia ;$v359 650 4$aTeologia$xCritica e interpretazione.$0(OLS)http://pul/subject/8641 650 4$aFede.$0(OLS)http://pul/subject/668 700 1 $aAguti, Andrea,$d1967-$0(OLS)http://pul/name/35670 830 0$aGiornale di teologia ;$v359.$0(OLS)http://pul/title/9027 850 $aPUL 852 $aPUL$W1$xSL Religione 3$y85$m200 GDT 1.359$j151684$qDDC 21$B150592$CPULBib$Z2$F150592 $H121162 $82 941 1 $a9 983 0$aGdT. 996 $6020$a978-88-399-0859-9$9(OLS)http://pul/number/151074 996 $6245$aGesł, gli ufo e gli alieni :$bl'intelligenza extraterrestre come sfida alla fede cristiana$9(OLS)http://pul/title/165980 996 $6260$aBrescia :$bQueriniana$9(OLS)http://pul/publisher/47906 LEADER 01271nam a2200313 a 4500 001 000000133308 003 CaOOAMICUS 005 20130326104742.0 008 130326s1991 it u000 u ita r 020 $a88-06-12371-8 040 $aPUL$bita 041 1 $aita$heng 100 1 $aHobsbawm, Eric John,$d1917-2012.$0(OLS)http://pul/name/13656 240 10$aNations and nationalism since 1780.$lItaliano.$0(OLS)http://pul/title/168452 245 10$aNazioni e nazionalismo dal 1780 :$bprogramma, mito, realtą /$cEric J. Hobsbawm. 260 $aTorino :$bEinaudi,$c©1991. 300 $aX, 226 p. ;$c22 cm. 490 1 $aSaggi ;$v746 504 $aComprende riferimenti bibliografici. 650 4$aNazionalismo.$0(OLS)http://pul/subject/23417 830 0$aSaggi (Einaudi) ;$v746.$0(OLS)http://pul/title/9841 850 $aPUL 852 $aPUL$W1$xDP1 Fondo E. Rossi$y115$m1 H 53$j3713$qFondi$B152757$CPULBib$Z2$F152757 $82 941 1 $a1 961 $aSul dorso collocazione ms. di E. Rossi: H 20 1 996 $6020$a88-06-12371-8$9(OLS)http://pul/number/152239 996 $6245$aNazioni e nazionalismo dal 1780 :$bprogramma, mito, realtą$9(OLS)http://pul/title/168453 996 $6260$aTorino :$bEinaudi$9(OLS)http://pul/publisher/48130